Africa: problems in economic development.

محفوظ في:
التفاصيل البيبلوغرافية
مؤلفون آخرون: Salkever, Louis R.
التنسيق: كتاب
منشور في: New York, Free Press [1972]
الموضوعات:
الوسوم: إضافة وسم
لا توجد وسوم, كن أول من يضع وسما على هذه التسجيلة!

MARC

LEADER 00000nam a2200000 4500
020 |a NA  |c TZS 208/= 
040 |a MUL  |b eng  |e AACR 
082 0 0 |a 330.96 UPP 
245 1 0 |a Africa: problems in economic development.  |c Edited by J. S. Uppal and Louis R. Salkever. 
260 |a New York,  |b Free Press  |c [1972] 
300 |a ix, 353 p.  |c 24 cm. 
504 |a Includes bibliographical references. 
650 |a Economic policy 
700 1 |a Salkever, Louis R., 
942 |c BK 
999 |c 7994  |d 7994